Indian federalism : (Record no. 156371)

MARC details
000 -LEADER
fixed length control field 00617nam a22001937a 4500
005 - DATE AND TIME OF LATEST TRANSACTION
control field 20180827113929.0
010 ## - LCCN (DPL NO)
LC control number ENG-123772
020 ## - INTERNATIONAL STANDARD BOOK NUMBER
Terms of availability 80.00
International Standard Book Number 9788123761879
035 ## - SYSTEM CONTROL NUMBER
System control number EN-107304
037 ## - SOURCE OF ACQUISITION
Source of stock number/acquisition DBAD/PUB
082 ## - DEWEY DECIMAL CLASSIFICATION NUMBER
Classification number 320.454
100 ## - MAIN ENTRY--PERSONAL NAME
Personal name Mahendra Prasad Singh
245 ## - TITLE STATEMENT
Title Indian federalism :
Statement of responsibility, etc by Mahendra Prasad Singh
Remainder of title an introduction /
260 ## - PUBLICATION, DISTRIBUTION, ETC. (IMPRINT)
Place of publication, distribution, etc New Delhi
Name of publisher, distributor, etc National Book Trust
Date of publication, distribution, etc 2011
270 ## - ADDRESS
Address Nehru Bhawan, 5 Industrial Area, Phae-II, Vasant Kunj,
City New Delhi
Postal code 110070
300 ## - PHYSICAL DESCRIPTION
Extent x,192p.
Dimensions 22cm(pbk)
500 ## - GENERAL NOTE
General note It includes index
942 ## - ADDED ENTRY ELEMENTS (KOHA)
Source of classification or shelving scheme Dewey Decimal Classification
Item type English Books
Call number suffix MAH
Classification part 320.454
Holdings
Withdrawn status Lost status Not for loan Collection code Home library Current library Date acquired Source of acquisition Cost, normal purchase price Full call number Barcode Copy number Cost, replacement price Koha item type
    Not For Loan Non-fiction D.B.Act.Division Bawana 27/08/2018 DBAD/PUB 80.00 320.454 MAH EN-107304 1 80.00 English Books

© Delhi Public Library
Hit Counter
free hit counter